Reducción de frecuencia de cambio de mayas en linea dos / Maribel Vega Brito (Registro nro. 22465)
[ vista simple ]
| 000 -LÍDER | |
|---|---|
| fixed length control field | 00512nam a2200133 4500 |
| 008 - ELEMENTOS DE LONGITUD FIJA -- INFORMACIÓN GENERAL | |
| fixed length control field | 0 2007 0a 000 0mex |
| 050 ## - SIGNATURA TOPOGRAFICA DE LA BIBLIOTECA DEL CONGRESO (LC) | |
| Número de Clasificación | T56.42 MR5 V4 2007 |
| 082 ## - NUMERO DE CLASIFICACION DECIMAL DEWEY | |
| Número de Clasificación | 658.567 V4r |
| 100 ## - ASIENTO PRINCIPAL--NOMBRE PERSONAL | |
| Nombre personal | Vega Brito, Maribel |
| 245 ## - TÍTULO | |
| Título | Reducción de frecuencia de cambio de mayas en linea dos / Maribel Vega Brito |
| 300 ## - DESCRIPCIÓN FÍSICA | |
| Extensión | 87 p. / 28 cm. |
| 502 ## - NOTA DE TESIS | |
| Nota de tesis | Memoria de residencia profesional. Opción x. I.T.Z. ( Industrial) Monica Campos Alvarez |
| 650 ## - ASIENTO SECUNDARIO DE MATERIA - TERMINO TEMÁTICO | |
| Término temático o nombre geográfico como elemento de entrada | 1. CONTROL Y USO DE DESECHOS 2. CONTROL DE CALIDAD |
| No. biblioteca | No. biblioteca | Número de clasificación | Código de barras/Número de adquisición | Número de copia | Tipo de material |
|---|---|---|---|---|---|
| LUIS G. INCLAN | LUIS G. INCLAN | 658.567 V4r | I669-2007 | 1 | Libros |
